Statistics for Headquarters of Districts of Nepal (Province No. 1)

Click here to take the quiz!

General Stats

  • This quiz has been taken 49 times
  • The average score is 10 of 14

Answer Stats

DistrictHeadquarter% Correct
MorangBiratnagar
100%
IlamIlam
92%
JhapaBhadrapur
83%
DhankutaDhankuta
83%
TaplejungTaplejung
83%
BhojpurBhojpur
75%
KhotangDiktel
75%
SunsariInaruwa
75%
PanchtharPhidim
75%
UdayapurGaighat
67%
SankhuwasabhaKhandbari
67%
SolukhumbuSalleri
67%
TehrathumMyanglung
42%
OkhaldhungaSiddhicharan
42%

Score Distribution

Percentile by Number Answered

Percent of People with Each Score

Your Score History

You have not taken this quiz